| 000 | 00371nam a2200145Ia 4500 | ||
|---|---|---|---|
| 008 | 150201s1986 xx 000 0 und d | ||
| 082 |
_a612.811 _bN1986B |
||
| 100 | _aBROOKS | ||
| 245 | _aTHE NEURAL BASIC OF MOTOR CONTROL | ||
| 250 | _a2ND | ||
| 260 |
_bOXFORD UNIVERSITY PRESS _aOXFORD ( LONDON) _c1986 |
||
| 300 | _a1-330 | ||
| 650 | _aPHYSIOTHERAPY | ||
| 942 |
_2ddc _cBK |
||
| 999 |
_c4323 _d4323 |
||